[Event "Royal City Masters"]
[Site "Guelph CAN"]
[Date "2025.08.05"]
[Round "8.12"]
[White "Marchand, Calix"]
[Black "Kot, Emanuel"]
[Result "0-1"]
[Annotator "hugh_"]
[WhiteElo "2160"]
[BlackElo "2166"]
[WhiteFideId "-1"]
[WhiteFideId "-1"]
[PlyCount "86"]
[GameId "2209786288242634"]
[EventDate "2025.08.01"]
[EventType "swiss"]
[EventRounds "9"]
[EventCountry "CAN"]

1. e4 c5 2. Nc3 Nc6 3. Bb5 Nd4 4. Nf3 a6 5. Bd3 Nc6 6. O-O e6 7. Nd5 d6 8. Ne3 Nf6 9. c3 g6 10. Bc2 Bg7 11. d4 cxd4 12. cxd4 O-O 13. a4 b6 14. b3 Nb4 15. Ba3 a5 16. e5 Nfd5 17. Nxd5 exd5 18. h3 Re8 19. Re1 Nxc2 20. Qxc2 Bf5 21. Qc6 dxe5 22. Nxe5 Rc8 23. Qb7 Be6 24. Rac1 Rb8 25. Qa7 Qg5 26. Nf3 Qf4 27. Rc7 Rbd8 28. Qxb6 Bxh3 29. Rce7 Rf8 30. gxh3 Qxf3 31. R7e3 Qf5 32. Bxf8 Rxf8 33. Rd1 h5 34. Qc5 Qg5+ 35. Kf1 Qf5 36. Qc3 Rd8 37. Qd3 Qf4 38. Rg3 Rc8 39. Qf3 Qd6 40. Qg2 Rd8 41. Re3 Qb6 42. Qf3 Bh6 43. Rc3 {(unreaadable scoreheets. Black won in 60 moves)} f6 0-1

[Event "Royal City Masters"]
[Site "Guelph CAN"]
[Date "2025.08.05"]
[Round "8.13"]
[White "Wang, Bingfei"]
[Black "Ren, Jesse"]
[Result "1/2-1/2"]
[WhiteElo "1942"]
[BlackElo "2114"]
[WhiteFideId "-1"]
[WhiteFideId "-1"]
[PlyCount "111"]
[GameId "2209789935435733"]
[EventDate "2025.08.01"]
[EventType "swiss"]
[EventRounds "9"]
[EventCountry "CAN"]

1. d4 Nf6 2. Nf3 b6 3. c4 Bb7 4. Nc3 e6 5. a3 d5 6. Bg5 dxc4 7. e3 Be7 8. Bxc4 O-O 9. O-O Nbd7 10. Rc1 c5 11. Qe2 h6 12. Bh4 a6 13. dxc5 b5 14. c6 Bxc6 15. Ba2 Qb6 16. e4 g5 17. Bg3 a5 18. e5 Nh5 19. Bb1 Nxg3 20. hxg3 Rfd8 21. Rfd1 b4 22. axb4 axb4 23. Ne4 Bb5 24. Qc2 Nf8 25. Nf6+ Kg7 26. Nh5+ Kh8 27. Nf6 Rxd1+ 28. Rxd1 Rd8 29. Rxd8 Qxd8 30. Ng4 h5 31. Ne3 g4 32. Nd2 Qd4 33. Ndc4 h4 34. gxh4 g3 35. Qe4 gxf2+ 36. Kxf2 Bxh4+ 37. Kf3 Qxe4+ 38. Bxe4 Be7 39. Nd6 Bxd6 40. exd6 f5 41. Bb7 Kg7 42. Nc2 Kf6 43. Nxb4 Ke5 44. Bc6 Bxc6+ 45. Nxc6+ Kxd6 46. Nd4 Ng6 47. b3 Kd5 48. Nc2 e5 49. g3 Ne7 50. Ke3 Nc6 51. Kd3 Kc5 52. Ne3 e4+ 53. Kc3 Ne7 54. b4+ Kb5 55. Kd4 Kxb4 56. Nxf5 1/2-1/2

[Event "Royal City Masters"]
[Site "Guelph CAN"]
[Date "2025.08.05"]
[Round "8.14"]
[White "Xu, Leon"]
[Black "Moses, Neil"]
[Result "1/2-1/2"]
[WhiteElo "2046"]
[BlackElo "2234"]
[WhiteFideId "-1"]
[WhiteFideId "-1"]
[PlyCount "184"]
[GameId "2209994490601522"]
[EventDate "2025.08.01"]
[EventType "swiss"]
[EventRounds "9"]
[EventCountry "CAN"]

1. e4 c5 2. Nf3 a6 3. Nc3 e6 4. d4 cxd4 5. Nxd4 Qc7 6. Be2 Nf6 7. O-O Be7 8. Be3 O-O 9. f4 d6 10. a4 b6 11. Bf3 Bb7 12. g4 Nc6 13. Nb3 Nd7 14. Qe2 Nc5 15. Qf2 Nb4 16. Rac1 Rac8 17. g5 Bc6 18. a5 b5 19. Nxc5 dxc5 20. Bxc5 Bxc5 21. Qxc5 Nxc2 22. Na2 Qxa5 23. Qxc2 Qxa2 24. Ra1 Qc4 25. Qxc4 bxc4 26. Rxa6 c3 27. Rb6 c2 28. Rc1 Ba8 29. Rd6 Rc4 30. Kf2 Bxe4 31. b3 Rb4 32. Bxe4 Rxe4 33. Kf3 Rb4 34. Rd3 Rfb8 35. Rxc2 Rxb3 36. Rxb3 Rxb3+ 37. Kg4 g6 38. Rc7 Rb2 39. h4 Rb4 40. Kg3 Rb5 41. Kg4 Kg7 42. Rd7 Kf8 43. Ra7 Rb1 44. Kg3 Kg8 45. Re7 Rc1 46. Kf3 Rc5 47. Kg4 h5+ 48. gxh6 Rf5 49. Kg3 Kh7 50. Kg4 Kxh6 51. Re8 Kg7 52. Ra8 Rb5 53. Ra3 Kh6 54. Re3 Ra5 55. Rb3 Ra4 56. Re3 Rb4 57. Kg3 Rb1 58. Re5 Rb3+ 59. Kg2 Rd3 60. Ra5 Re3 61. Rb5 Rd3 62. Re5 Rd5 63. Re3 Kh5 64. Kg3 Rc5 65. Kh3 Kh6 66. Kg4 Kg7 67. Kg3 Kf6 68. Kg4 Ke7 69. Rb3 Rc4 70. Kg5 Kf8 71. Re3 Kg7 72. Kg4 Rc1 73. Ra3 Rg1+ 74. Kf3 Kf6 75. Ra5 Kg7 76. h5 gxh5 77. Rxh5 f5 78. Rh2 Kf6 79. Rh6+ Ke7 80. Rh8 Ra1 81. Rb8 Ra3+ 82. Kf2 Rc3 83. Rb5 Kd6 84. Re5 Rc5 85. Re2 Kd5 86. Re5+ Kd6 87. Re2 Rd5 88. Kf3 Rd3+ 89. Kf2 Ra3 90. Kg2 Rb3 91. Kf2 Ra3 92. Kg2 Rb3 1/2-1/2

[Event "Royal City Masters"]
[Site "Guelph CAN"]
[Date "2025.08.05"]
[Round "8.15"]
[White "Gao, Heye"]
[Black "Plotkin, Victor"]
[Result "1-0"]
[WhiteElo "2068"]
[BlackElo "2282"]
[WhiteFideId "-1"]
[WhiteFideId "-1"]
[PlyCount "107"]
[GameId "2209997238374461"]
[EventDate "2025.08.01"]
[EventType "swiss"]
[EventRounds "9"]
[EventCountry "CAN"]

1. e4 e5 2. Nf3 Nf6 3. Nxe5 d6 4. Nf3 Nxe4 5. Nc3 Nxc3 6. dxc3 Be7 7. Be3 Nc6 8. Bd3 Be6 9. Qe2 Bf6 10. O-O-O Qd7 11. Bg5 Bxg5+ 12. Nxg5 O-O-O 13. Bb5 Rde8 14. Nxe6 Rxe6 15. Qg4 g6 16. Rhe1 Rhe8 17. Rxe6 Rxe6 18. Qh4 h5 19. Qf4 Re5 20. Ba4 Qg4 21. Qxg4+ hxg4 22. Bxc6 bxc6 23. Rd4 f5 24. Kd2 Re7 25. h3 gxh3 26. gxh3 c5 27. Rh4 Kd7 28. Rh6 Re6 29. c4 f4 30. Kd3 f3 31. Rh7+ Ke8 32. Rxc7 Re2 33. Rg7 Rxf2 34. Rxg6 Rh2 35. Rxd6 Rxh3 36. b3 Rh2 37. Ra6 Ke7 38. Rxa7+ Ke6 39. Ke3 f2 40. Ke2 f1=Q+ 41. Kxf1 Rxc2 42. Ra5 Kd6 43. Ke1 Rb2 44. Kd1 Rg2 45. Kc1 Ke5 46. Rxc5+ Kd4 47. Ra5 Kc3 48. Kd1 Kd3 49. Ke1 Ke3 50. Kf1 Rb2 51. c5 Kd4 52. c6 Rc2 53. Ra4+ Kd5 54. Rc4 1-0

[Event "Royal City Masters"]
[Site "Guelph CAN"]
[Date "2025.08.05"]
[Round "8.16"]
[White "Windram, James"]
[Black "Chen, Yidong"]
[Result "1/2-1/2"]
[WhiteElo "1984"]
[BlackElo "2068"]
[WhiteFideId "-1"]
[WhiteFideId "-1"]
[PlyCount "67"]
[GameId "2209998793203781"]
[EventDate "2025.08.01"]
[EventType "swiss"]
[EventRounds "9"]
[EventCountry "CAN"]

1. Nf3 c5 2. c4 Nc6 3. b3 e5 4. Bb2 d6 5. g3 g6 6. d3 Bg7 7. Bg2 Nge7 8. Nc3 O-O 9. O-O f5 10. e3 h6 11. Qe2 g5 12. Nd2 Be6 13. Nd5 Ng6 14. a3 g4 15. Rab1 Rc8 16. f3 h5 17. fxg4 hxg4 18. b4 b6 19. Rf2 Qg5 20. bxc5 bxc5 21. Bc3 Rf7 22. Re1 Nce7 23. Nf4 Bd7 24. Nxg6 Qxg6 25. Nb1 Bc6 26. Bxc6 Nxc6 27. Ref1 Rcf8 28. Bb2 Bh6 29. Nc3 Ne7 30. Bc1 Kh7 31. Qd1 Bg5 32. Nd5 Nxd5 33. cxd5 Bh6 34. Qe2 1/2-1/2

[Event "Royal City Masters"]
[Site "Guelph CAN"]
[Date "2025.08.05"]
[Round "8.17"]
[White "Terry, Joshua"]
[Black "Qian, Ashley"]
[Result "0-1"]
[WhiteElo "2155"]
[BlackElo "2134"]
[WhiteFideId "-1"]
[WhiteFideId "-1"]
[PlyCount "106"]
[GameId "2210000224182349"]
[EventDate "2025.08.01"]
[EventType "swiss"]
[EventRounds "9"]
[EventCountry "CAN"]

1. c4 e5 2. Nf3 Nc6 3. d3 Nf6 4. a3 d5 5. cxd5 Nxd5 6. e3 Be7 7. Be2 Be6 8. Qc2 O-O 9. b4 a6 10. Bb2 f6 11. O-O Qd7 12. Nbd2 Bf7 13. Rfd1 Rad8 14. Rac1 Rfe8 15. Ne4 Qe6 16. Nc5 Bxc5 17. Qxc5 Rd7 18. d4 e4 19. Nd2 Rd6 20. b5 axb5 21. Bxb5 Re7 22. Qc2 Qg4 23. Bf1 f5 24. Re1 Rh6 25. g3 Qh5 26. h3 Be6 27. Bg2 g5 28. Qd1 Qf7 29. Rc5 Qg7 30. Qe2 Nd8 31. Rb1 c6 32. Qf1 Nf7 33. Ra5 Re8 34. Qe2 Nd6 35. f4 gxf4 36. gxf4 Rxh3 37. Nf1 Rh6 38. Rc5 Rg6 39. Kh2 Kh8 40. Rc2 Rg8 41. Ba1 Qh6+ 42. Bh3 R8g7 43. Qf2 Rg4 44. Ng3 Rh4 45. Kg2 Rxh3 46. Rg1 Rh2+ 47. Kf1 Rxf2+ 48. Rxf2 Nxe3+ 49. Ke1 Bd5 50. Ke2 Ng4 51. Rfg2 Qxf4 52. Ke1 Qc1+ 53. Ke2 Bc4# 0-1

[Event "Royal City Masters"]
[Site "Guelph CAN"]
[Date "2025.08.05"]
[Round "8.18"]
[White "Polacek, Jozef"]
[Black "Wang, Nathan"]
[Result "1/2-1/2"]
[WhiteElo "2240"]
[BlackElo "1993"]
[WhiteFideId "-1"]
[WhiteFideId "-1"]
[PlyCount "280"]
[GameId "2210036254613589"]
[EventDate "2025.08.01"]
[EventType "swiss"]
[EventRounds "9"]
[EventCountry "CAN"]

1. e4 c5 2. Nf3 Nc6 3. c3 Nf6 4. e5 Nd5 5. d4 cxd4 6. Bc4 Nb6 7. Bb3 d5 8. exd6 Qxd6 9. Nxd4 Nxd4 10. cxd4 Be6 11. Nc3 Bxb3 12. Qxb3 e6 13. Be3 Be7 14. O-O O-O 15. Rfd1 Qb4 16. Qxb4 Bxb4 17. Ne2 Rac8 18. Bd2 Be7 19. Rac1 Nc4 20. Bc3 Rfd8 21. b3 Nd6 22. Bb2 Bg5 23. f4 Bf6 24. Kf2 h5 25. Rxc8 Rxc8 26. Rc1 Rxc1 27. Bxc1 Nf5 28. Bb2 Kf8 29. g3 Ke8 30. h3 Ne7 31. Kf3 Kd7 32. Ke4 Kc6 33. Nc1 Nf5 34. g4 hxg4 35. hxg4 Nd6+ 36. Kd3 Kd5 37. Ne2 Ne4 38. Nc3+ Nxc3 39. Bxc3 g5 40. fxg5 Bxg5 41. Be1 Bf6 42. Bf2 Bd8 43. Bg3 Bf6 44. Bf2 b5 45. Be3 Bd8 46. Bf4 Bf6 47. Be3 Bd8 48. Bf4 f6 49. Bh6 a6 50. Bf4 Bb6 51. Be3 Bc7 52. a4 Bb6 53. axb5 axb5 54. g5 fxg5 55. Bxg5 Bxd4 56. Be7 e5 57. Bf8 e4+ 58. Kc2 Be5 59. Bb4 Ke6 60. Kd1 Bd4 61. Kc2 Kf5 62. Kd1 Ke5 63. Ke2 Kd5 64. Bd2 Kc5 65. Be1 Bf6 66. Bf2+ Kd5 67. Be1 Bg5 68. Bf2 Bc1 69. Bh4 Bb2 70. Bg5 Bc3 71. Bh6 Bd4 72. Bd2 Bf6 73. Be3 Be7 74. Bf2 Bc5 75. Bh4 Bg1 76. Bf6 Bh2 77. Bb2 Bf4 78. Ba3 Kd4 79. Bb2+ Kd5 80. Ba3 Be5 81. Bc1 Bc3 82. Bh6 Be5 83. Be3 Bd6 84. Bc1 Ke5 85. Bb2+ Kf4 86. Bd4 Kf5 87. Bb2 Bf4 88. Bd4 Ke6 89. Bc3 Bc1 90. Bg7 Kd5 91. Bf6 Ba3 92. Bg7 Bd6 93. Bb2 Be5 94. Bc1 Bf6 95. Be3 Kc6 96. Bg1 Be7 97. Bd4 Bc5 98. Bc3 Kd5 99. Bd2 Bg1 100. Bg5 Bh2 101. Bc1 b4 102. Bd2 Bd6 103. Bc1 Be5 104. Be3 Bd4 105. Bd2 Bc5 106. Be1 Ke5 107. Bg3+ Kf5 108. Be1 Kf4 109. Bh4 Kg4 110. Bf6 Kf5 111. Bg7 Ke6 112. Bh6 Bd4 113. Bd2 Bc5 114. Bh6 Kd5 115. Bd2 Ke5 116. Bh6 Be7 117. Bc1 Kd5 118. Bb2 Bg5 119. Bg7 Bf4 120. Bf8 Bd6 121. Bg7 Be5 122. Bf8 Bc3 123. Bh6 Bd4 124. Bf8 Bc5 125. Bh6 Ke5 126. Bg5 Kf5 127. Bh6 Bd6 128. Bg7 Kg6 129. Bd4 Be7 130. Be3 Kf5 131. Bd4 Ke6 132. Bg7 Kd5 133. Bh6 Bc5 134. Bd2 Bd6 135. Be1 Kd4 136. Bf2+ Kc3 137. Be1+ Kd4 138. Bf2+ Kd5 139. Be1 Kc5 140. Bxb4+ Kxb4 1/2-1/2

[Event "Royal City Masters"]
[Site "Guelph CAN"]
[Date "2025.08.06"]
[Round "9.2"]
[White "Preotu, Razvan"]
[Black "Noritsyn, Nikolay"]
[Result "1-0"]
[WhiteElo "2478"]
[BlackElo "2462"]
[WhiteFideId "-1"]
[WhiteFideId "-1"]
[PlyCount "121"]
[GameId "2207861819260928"]
[EventDate "2025.08.01"]
[EventType "swiss"]
[EventRounds "9"]
[EventCountry "CAN"]

1. Nf3 d5 2. g3 b6 3. Bg2 Bb7 4. O-O Nf6 5. d3 e6 6. Nbd2 Nbd7 7. Re1 Bc5 8. d4 Be7 9. c4 O-O 10. cxd5 exd5 11. b3 Re8 12. Bb2 Bd6 13. Qc2 a5 14. Rac1 a4 15. b4 Bxb4 16. Qxc7 Ba6 17. a3 Ba5 18. Qxd8 Raxd8 19. Bc3 Bxc3 20. Rxc3 Bxe2 21. Ne5 Ba6 22. f4 Nf8 23. Rc6 Re6 24. Rc7 Ng4 25. Ndf3 Nxe5 26. dxe5 Ree8 27. Rc6 Nd7 28. Nd4 Bc4 29. Rc7 Nc5 30. Nc6 d4 31. Nxd8 Rxd8 32. Rc6 d3 33. Rd6 Rb8 34. Bf1 g6 35. Kf2 b5 36. Ke3 Rc8 37. Rd1 h5 38. Bh3 Rc7 39. Rd8+ Kg7 40. Rc8 Rxc8 41. Bxc8 Bb3 42. Rxd3 Nxd3 43. Kxd3 b4 44. axb4 a3 45. Kc3 a2 46. Kb2 Kf8 47. b5 Ke7 48. b6 Kd8 49. Bb7 Kd7 50. h4 Be6 51. Bf3 Bc4 52. f5 gxf5 53. Bxh5 Kc6 54. Bf3+ Kxb6 55. h5 Bd3 56. h6 f4 57. gxf4 Kc5 58. Bh5 f6 59. exf6 Kd6 60. Bf7 Bh7 61. Bxa2 1-0

[Event "Royal City Masters"]
[Site "Guelph CAN"]
[Date "2025.08.06"]
[Round "9.3"]
[White "Fedorowicz, John"]
[Black "Liang, Jason"]
[Result "1/2-1/2"]
[WhiteElo "2321"]
[BlackElo "2409"]
[WhiteFideId "-1"]
[WhiteFideId "-1"]
[PlyCount "68"]
[GameId "2207861819260928"]
[EventDate "2025.08.01"]
[EventType "swiss"]
[EventRounds "9"]
[EventCountry "CAN"]

1. e4 c6 2. d4 d5 3. exd5 cxd5 4. Bd3 Nf6 5. c3 Bg4 6. Qb3 Qc7 7. h3 Bd7 8. Nf3 Nc6 9. O-O e6 10. Re1 Bd6 11. Qc2 Rc8 12. Qe2 Nb4 13. Ne5 Nxd3 14. Qxd3 Ne4 15. Nd2 Nxd2 16. Bxd2 O-O 17. Nxd7 Qxd7 18. a4 Rc6 19. b3 Rfc8 20. Rec1 Qc7 21. Rc2 Bh2+ 22. Kh1 Bf4 23. Bxf4 Qxf4 24. Rac1 g6 25. Qe3 Qd6 26. Qd2 Qd7 27. Kg1 Kg7 28. Qd3 Rb6 29. c4 dxc4 30. Rxc4 Rxc4 31. Rxc4 Rc6 32. Rxc6 Qxc6 33. Qe3 a6 34. Qe5+ Kg8 1/2-1/2

[Event "Royal City Masters"]
[Site "Guelph CAN"]
[Date "2025.08.06"]
[Round "9.4"]
[White "Posthuma, Joshua"]
[Black "Song, Edward"]
[Result "1/2-1/2"]
[WhiteElo "2380"]
[BlackElo "2395"]
[WhiteFideId "-1"]
[WhiteFideId "-1"]
[PlyCount "70"]
[GameId "2207862435823616"]
[EventDate "2025.08.01"]
[EventType "swiss"]
[EventRounds "9"]
[EventCountry "CAN"]

1. c4 c6 2. d4 d5 3. Nf3 Nf6 4. Nbd2 Bf5 5. Nh4 Be4 6. Qb3 Qc7 7. Nxe4 Nxe4 8. Nf3 e5 9. Nxe5 Qa5+ 10. Kd1 Nxf2+ 11. Kc2 Qc7 12. Bf4 Nxh1 13. Ng6 Qd7 14. Qe3+ Be7 15. Nxh8 Na6 16. g4 Nb4+ 17. Kd2 dxc4 18. Bg2 O-O-O 19. Rxh1 Bf6 20. Be5 Bxe5 21. Qxe5 f6 22. Qc5 Qxg4 23. Bf3 Qf4+ 24. Kc3 Na6 25. Qxa7 Qe3+ 26. Kc2 Rxd4 27. Qa8+ Kc7 28. Qf8 Rd2+ 29. Kb1 Qd4 30. Qxg7+ Kb8 31. Qg8+ Kc7 32. Qg3+ Kd8 33. Qg8+ Kc7 34. Qg3+ Kd8 35. Qg8+ Kc7 1/2-1/2

[Event "Royal City Masters"]
[Site "Guelph CAN"]
[Date "2025.08.06"]
[Round "9.5"]
[White "Sheng, Joshua"]
[Black "Khaledi, Omid"]
[Result "1-0"]
[WhiteElo "2480"]
[BlackElo "2270"]
[WhiteFideId "-1"]
[WhiteFideId "-1"]
[PlyCount "55"]
[GameId "2207862578429952"]
[EventDate "2025.08.01"]
[EventType "swiss"]
[EventRounds "9"]
[EventCountry "CAN"]

1. e4 c5 2. Nf3 e6 3. d4 cxd4 4. Nxd4 Nc6 5. Bf4 a6 6. Nxc6 bxc6 7. Nd2 d5 8. Qf3 Nf6 9. Bd3 Be7 10. O-O O-O 11. Rfe1 Nd7 12. c4 Bb7 13. e5 Re8 14. Qh5 g6 15. Qg4 Bc8 16. Qg3 Rb8 17. b3 a5 18. Nf3 Nc5 19. Bc2 dxc4 20. Red1 Qc7 21. bxc4 Rb2 22. Rd2 Qb6 23. Bg5 Bf8 24. h4 Qb4 25. h5 Qxc4 26. hxg6 fxg6 27. Bxg6 hxg6 28. Bf6 1-0

[Event "Royal City Masters"]
[Site "Guelph CAN"]
[Date "2025.08.06"]
[Round "9.6"]
[White "Vettese, Nicholas"]
[Black "Plotkin, Mark"]
[Result "1-0"]
[WhiteElo "2352"]
[BlackElo "2361"]
[WhiteFideId "-1"]
[WhiteFideId "-1"]
[PlyCount "75"]
[GameId "2210389126546498"]
[EventDate "2025.08.01"]
[EventType "swiss"]
[EventRounds "9"]
[EventCountry "CAN"]

1. c4 g6 2. d4 Bg7 3. Nc3 d6 4. e4 e5 5. d5 f5 6. exf5 gxf5 7. Qh5+ Kf8 8. g3 Nf6 9. Qe2 a6 10. h4 b5 11. h5 Rg8 12. Nf3 c6 13. h6 Bh8 14. Ng5 Ra7 15. Bg2 b4 16. Nd1 Re7 17. a3 c5 18. axb4 cxb4 19. Ne6+ Bxe6 20. dxe6 f4 21. Bd5 Qc8 22. gxf4 Nc6 23. fxe5 dxe5 24. Be3 Nd4 25. Bxd4 exd4 26. f4 Rg3 27. Kf1 Rg4 28. Rh3 Rxf4+ 29. Rf3 Nh5 30. Nf2 Kg8 31. Rxf4 Nxf4 32. Qg4+ Ng6 33. Kg1 Bf6 34. Nd3 Kh8 35. Rf1 Ne5 36. Nxe5 Bxe5 37. Qf5 Qg8+ 38. Kh1 1-0

[Event "Royal City Masters"]
[Site "Guelph CAN"]
[Date "2025.08.06"]
[Round "9.7"]
[White "Ling, Chenxuan"]
[Black "Perez Rodriguez, Luis Manuel"]
[Result "1/2-1/2"]
[WhiteElo "2222"]
[BlackElo "2318"]
[WhiteFideId "-1"]
[WhiteFideId "-1"]
[PlyCount "61"]
[GameId "2210075069948844"]
[EventDate "2025.08.01"]
[EventType "swiss"]
[EventRounds "9"]
[EventCountry "CAN"]

1. d4 d5 2. c4 c6 3. cxd5 cxd5 4. Bf4 Nc6 5. e3 Nf6 6. Bd3 a6 7. Nc3 Bg4 8. f3 Bh5 9. g4 Bg6 10. Nge2 e6 11. h4 Bxd3 12. Qxd3 Bd6 13. Kf2 O-O 14. a3 Rc8 15. Bxd6 Qxd6 16. Ng3 e5 17. g5 Nd7 18. Rad1 exd4 19. exd4 Nb6 20. Nf5 Qd7 21. Ne3 f5 22. Rde1 f4 23. Ng4 Nc4 24. Re2 Rce8 25. Rg1 Re3 26. Nxe3 fxe3+ 27. Rxe3 Qh3 28. Ne2 Qxh4+ 29. Rg3 Qh2+ 30. Rg2 Qh4+ 31. Rg3 1/2-1/2

[Event "Royal City Masters"]
[Site "Guelph CAN"]
[Date "2025.08.06"]
[Round "9.8"]
[White "Jaferian, Koosha"]
[Black "Yang, Larry"]
[Result "1-0"]
[WhiteElo "2285"]
[BlackElo "2108"]
[WhiteFideId "-1"]
[WhiteFideId "-1"]
[PlyCount "63"]
[GameId "2210077403259828"]
[EventDate "2025.08.01"]
[EventType "swiss"]
[EventRounds "9"]
[EventCountry "CAN"]

1. d4 Nf6 2. c4 g6 3. Nc3 d5 4. Nf3 Bg7 5. Qb3 dxc4 6. Qxc4 O-O 7. e4 Bg4 8. Be3 Nfd7 9. Rd1 Nb6 10. Qb3 Nc6 11. d5 Ne5 12. Be2 Nxf3+ 13. gxf3 Bh3 14. Rg1 Qc8 15. Rg3 c6 16. f4 Bd7 17. f5 Kh8 18. d6 exd6 19. Rxd6 Be5 20. fxg6 fxg6 21. f4 Rxf4 22. Bxf4 Bxf4 23. Qf7 Bxg3+ 24. hxg3 Qe8 25. Qf6+ Kg8 26. Bd1 Nc4 27. Bb3 b5 28. e5 c5 29. Bxc4+ bxc4 30. Nd5 h5 31. Rxd7 Qxd7 32. Ne7+ 1-0

[Event "Royal City Masters"]
[Site "Guelph CAN"]
[Date "2025.08.06"]
[Round "9.9"]
[White "Kot, Emanuel"]
[Black "Cummings, David"]
[Result "1/2-1/2"]
[WhiteElo "2166"]
[BlackElo "2252"]
[WhiteFideId "-1"]
[WhiteFideId "-1"]
[PlyCount "49"]
[GameId "2210078806610876"]
[EventDate "2025.08.01"]
[EventType "swiss"]
[EventRounds "9"]
[EventCountry "CAN"]

1. e4 e5 2. Nf3 Nf6 3. Nxe5 d6 4. Nf3 Nxe4 5. d4 d5 6. Bd3 Bf5 7. O-O Be7 8. Re1 Nc6 9. c3 O-O 10. Qc2 Bg6 11. Bf4 Qd7 12. Nbd2 Nxd2 13. Qxd2 a6 14. Bxg6 hxg6 15. Re2 Rae8 16. Rae1 Bd8 17. h3 Rxe2 18. Qxe2 f6 19. Bg3 Ne7 20. Nd2 a5 21. Nb3 b6 22. Nc1 Nf5 23. Bf4 g5 24. Bh2 Rf7 25. Qe6 1/2-1/2

[Event "Royal City Masters"]
[Site "Guelph CAN"]
[Date "2025.08.06"]
[Round "9.10"]
[White "Moses, Neil"]
[Black "Gao, Heye"]
[Result "0-1"]
[WhiteElo "2234"]
[BlackElo "2068"]
[WhiteFideId "-1"]
[WhiteFideId "-1"]
[PlyCount "112"]
[GameId "2210106922820605"]
[EventDate "2025.08.01"]
[EventType "swiss"]
[EventRounds "9"]
[EventCountry "CAN"]

1. e4 e5 2. Nf3 Nc6 3. Bb5 a6 4. Ba4 Nf6 5. d3 d6 6. c4 g6 7. Nc3 Bg7 8. Nd5 O-O 9. Bg5 Be6 10. O-O Nb8 11. d4 c6 12. dxe5 dxe5 13. Nxf6+ Bxf6 14. Bxf6 Qxf6 15. c5 Rd8 16. Qc2 Nd7 17. b4 a5 18. a3 Qf4 19. Rae1 Bg4 20. Re3 Nf8 21. Bb3 Be6 22. g3 Qf6 23. Kg2 axb4 24. axb4 Bxb3 25. Qxb3 Ne6 26. Qb2 Nd4 27. h4 Nxf3 28. Rxf3 Qe6 29. Ra1 Rab8 30. h5 Rd4 31. hxg6 hxg6 32. Rh1 Kg7 33. Qc1 Rh8 34. Rxh8 Kxh8 35. Qg5 Kg7 36. Ra3 Rxe4 37. Ra8 Rxb4 38. Kh2 Qf5 39. Qxf5 gxf5 40. Rb8 Rb5 41. Kg2 e4 42. Kf1 Kf6 43. Ke2 f4 44. gxf4 Kf5 45. Rf8 f6 46. Rf7 Rxc5 47. Rxb7 Kxf4 48. Rf7 f5 49. Ra7 Rc2+ 50. Kf1 c5 51. Ra3 c4 52. Kg2 c3 53. Ra4 Rd2 54. Rc4 c2 55. Rc3 e3 56. Rc4+ Kg5 0-1

[Event "Royal City Masters"]
[Site "Guelph CAN"]
[Date "2025.08.06"]
[Round "9.11"]
[White "Ren, Jesse"]
[Black "Marchand, Calix"]
[Result "1-0"]
[WhiteElo "2114"]
[BlackElo "2160"]
[WhiteFideId "-1"]
[WhiteFideId "-1"]
[PlyCount "111"]
[GameId "2210144397874243"]
[EventDate "2025.08.01"]
[EventType "swiss"]
[EventRounds "9"]
[EventCountry "CAN"]

1. e4 c6 2. Nc3 d5 3. Nf3 dxe4 4. Nxe4 Nf6 5. Qe2 Na6 6. a3 Bg4 7. h3 Bh5 8. Nxf6+ gxf6 9. g4 Bg6 10. d4 e6 11. Bg2 Qd5 12. Be3 Qa5+ 13. c3 Qa4 14. Nh4 Nc7 15. Nxg6 hxg6 16. O-O Bd6 17. c4 Qa6 18. b4 O-O 19. Rfb1 Qa4 20. Be4 f5 21. Bc2 Qa6 22. a4 b6 23. Bd3 Qc8 24. b5 Qd7 25. Qf3 c5 26. dxc5 Bxc5 27. Bxc5 bxc5 28. Rd1 Qe7 29. a5 Rab8 30. Bf1 Rfc8 31. Ra3 Ne8 32. gxf5 exf5 33. Re3 Qc7 34. Ra3 Ng7 35. Qg3 f4 36. Qg4 Ne6 37. Rd5 Rd8 38. Bg2 Nd4 39. h4 Rxd5 40. Bxd5 Kg7 41. h5 Rh8 42. Rh3 Rh6 43. b6 axb6 44. a6 Qa7 45. Bb7 Ne6 46. Kf1 Qb8 47. hxg6 Rxg6 48. Qf5 Qd8 49. Qe5+ f6 50. Qd5 Qe7 51. a7 Nd4 52. Qe4 Qd7 53. Qh1 Qa4 54. Rh7+ Kf8 55. a8=Q+ Qxa8 56. Bxa8 1-0

[Event "Royal City Masters"]
[Site "Guelph CAN"]
[Date "2025.08.06"]
[Round "9.13"]
[White "Plotkin, Victor"]
[Black "Qian, Ashley"]
[Result "1-0"]
[WhiteElo "2282"]
[BlackElo "2134"]
[WhiteFideId "-1"]
[WhiteFideId "-1"]
[PlyCount "159"]
[GameId "2210148636951714"]
[EventDate "2025.08.01"]
[EventType "swiss"]
[EventRounds "9"]
[EventCountry "CAN"]

1. d4 Nf6 2. Nf3 e6 3. c4 Bb4+ 4. Bd2 a5 5. a3 Bxd2+ 6. Nbxd2 d6 7. e3 Qe7 8. Qc2 e5 9. Bd3 Nbd7 10. O-O O-O 11. b4 Re8 12. Ng5 h6 13. Nge4 Nxe4 14. Nxe4 Nf6 15. Ng3 Kh8 16. Qc3 e4 17. Be2 b6 18. Rfc1 Be6 19. Bd1 Bg4 20. h3 Bd7 21. d5 Kg8 22. Qd4 Qe5 23. Qxe5 Rxe5 24. Bb3 Ree8 25. Ne2 c5 26. dxc6 Bxc6 27. Nd4 Bb7 28. Nf5 Rad8 29. Rd1 d5 30. c5 bxc5 31. bxc5 Bc6 32. Nd4 Rb8 33. Ba2 Rec8 34. Rdb1 Rxb1+ 35. Rxb1 Nd7 36. Nxc6 Rxc6 37. Bxd5 Rxc5 38. Bxe4 Rc3 39. Rd1 Nf8 40. Rd3 Rc1+ 41. Kh2 Ra1 42. Bc6 g6 43. a4 Rc1 44. Bb5 Rc7 45. Rd6 Rc2 46. Kg3 Ne6 47. Rc6 Ra2 48. Bc4 Rxa4 49. Bxe6 fxe6 50. Rxe6 Kf7 51. Ra6 Ra1 52. f4 a4 53. Kf3 a3 54. Ke4 a2 55. g4 Rh1 56. Rxa2 Rxh3 57. Ra7+ Kf6 58. Ra6+ Kf7 59. f5 g5 60. Kd4 Rg3 61. Rxh6 Rxg4+ 62. e4 Rg1 63. Ke5 Ra1 64. Rh7+ Kg8 65. Rc7 g4 66. Kf4 Re1 67. Rc3 Kf7 68. e5 Rf1+ 69. Kxg4 Rg1+ 70. Kf4 Rf1+ 71. Rf3 Ra1 72. Rg3 Ra4+ 73. Kg5 Re4 74. e6+ Ke7 75. Rd3 Re1 76. Rd7+ Ke8 77. Kf6 Rh1 78. Ra7 Rh6+ 79. Ke5 Kf8 80. f6 1-0

[Event "Royal City Masters"]
[Site "Guelph CAN"]
[Date "2025.08.13"]
[Round "9.14"]
[White "Polacek, Jozef"]
[Black "Windram, James"]
[Result "0-1"]
[WhiteElo "2240"]
[BlackElo "1984"]
[WhiteFideId "-1"]
[WhiteFideId "-1"]
[PlyCount "82"]
[GameId "2210389126546499"]
[EventDate "2025.08.01"]
[EventType "swiss"]
[EventRounds "9"]
[EventCountry "CAN"]

1. e4 c5 2. Nf3 e6 3. a3 a6 4. d4 cxd4 5. Nxd4 b5 6. Nc3 Bb7 7. Bd3 Nc6 8. Nf3 Qc7 9. O-O Be7 10. Qe2 d6 11. Bd2 Nf6 12. Rac1 Ng4 13. h3 Nge5 14. Be3 O-O 15. Nd2 Na5 16. a4 b4 17. Na2 Nac6 18. c3 bxc3 19. Nxc3 Nxd3 20. Qxd3 Rac8 21. Nd5 exd5 22. exd5 Qd7 23. dxc6 Rxc6 24. b3 Rfc8 25. Rc4 a5 26. Rfc1 Ba6 27. Rxc6 Rxc6 28. Nc4 Qe6 29. Qd2 Bd8 30. Nb2 Rxc1+ 31. Qxc1 Bb7 32. Nc4 Qg6 33. f3 Bxf3 34. Qd2 Be4 35. Bf4 d5 36. Nd6 Bb6+ 37. Kh2 h6 38. Bg3 h5 39. Nb5 Qf6 40. Qf4 Qxf4 41. Bxf4 Bc2 0-1